Friedrich Paulsen Pädagogik. Herausgegeben von Dr. Willy Kabitz. Stuttgart und Berlin. 1911. 430 lap. Kötve 7 márka 50 pf. : [könyvismertetés] /

Elmentve itt :
Bibliográfiai részletek
Szerző: Szelényi Ödön
További közreműködők: Paulsen Friedrich
Dokumentumtípus: Cikk
Megjelent: 1912
Sorozat:Magyar pedagógia : a Magyar Tudományos Akadémia Pedagógiai Bizottságának folyóirata 21
Kulcsszavak:Pedagógia könyvismertetés, Pedagógia
Online Access:http://misc.bibl.u-szeged.hu/9007
LEADER 00821nab a2200193 i 4500
001 misc9007
005 20191106143652.0
008 170607s1912 hu o 0|| hun d
022 |a 0025-0260 
040 |a SZTE Miscellanea Repozitórium  |b hun 
041 |a hun 
100 1 |a Szelényi Ödön 
245 1 0 |a Friedrich Paulsen  |h [elektronikus dokumentum] :  |b Pädagogik. Herausgegeben von Dr. Willy Kabitz. Stuttgart und Berlin. 1911. 430 lap. Kötve 7 márka 50 pf. : [könyvismertetés] /  |c  Szelényi Ödön 
260 |c 1912 
300 |a 514-516 
490 0 |a Magyar pedagógia : a Magyar Tudományos Akadémia Pedagógiai Bizottságának folyóirata  |v 21 
695 |a Pedagógia könyvismertetés, Pedagógia 
700 0 1 |a Paulsen Friedrich 
856 4 0 |u http://misc.bibl.u-szeged.hu/9007/1/mp_1912_1800_514-516.pdf  |z Dokumentum-elérés